|
|
|
|
| LEADER |
00000nab a2200000ua 4500 |
| 001 |
vtls010804628 |
| 003 |
SK-MaSNL |
| 005 |
20260304010612.0 |
| 008 |
230222s2005 xo |||||||||||||||||eng| |
| 035 |
|
|
|a (urnnbn)urn:nbn:sk:snk:ar-a02k37
|
| 035 |
|
|
|a (uuid)e0bb86b5-5ca4-4c1f-a320-7921e94551cd
|
| 035 |
|
|
|a urn:nbn:sk:snk-ab4m36
|
| 040 |
|
|
|a SNKBUCL
|b slo
|c SNKBUCL
|e AACR2
|
| 041 |
0 |
|
|a eng
|
| 044 |
|
|
|a xo
|c SK
|
| 100 |
1 |
|
|a Ďuriš Adameová, Adriana,
|d 1978-
|4 aut
|9 192914
|
| 245 |
1 |
0 |
|a SUSCEPTIBILITY OF DIABETIC-HYPERCHOLESTEROLAEMIC RATS TO MYOCARDIAL ARRHYTHMIAS INDUCED BY ISCHAEMIA-REPERFUSION INJURY
|c A. Adameová, M. Kuželová, P. Holub, P. Švec, V. Faberová
|
| 700 |
1 |
|
|a Kuželová, Magdaléna,
|d 1951-
|4 aut
|9 208320
|
| 700 |
1 |
|
|a Holub, P.
|4 aut
|9 772795
|
| 700 |
1 |
|
|a Švec, P.
|4 aut
|9 776596
|
| 700 |
1 |
|
|a Faberová, V.
|4 aut
|9 832113
|
| 773 |
0 |
|
|t Acta Facultatis Pharmaceuticae Universitatis Comenianae
|g Roč. 52, č. 52 (2005), s. 46-54
|
| 958 |
|
|
|a OND
|
| 958 |
|
|
|a EUIPO
|
| 958 |
|
|
|a article3
|
| 999 |
|
|
|c 2561739
|d 2563669
|